000 00711nam a2200265Ia 4500
003 OSt
005 20221007110654.0
006 a|||||r|||| 00| 0
007 ta
008 221006b |||||||| |||| 00| 0 eng d
020 _a210.33680.3
024 _a21,593
037 _cTextual
040 _aLCO
_cLCO
_beng
041 _2eng
_aeng
082 _aX:97.2, L0
100 _aMyers Charles A.
245 0 _aIndustrial Relations in India
260 _aBombay
_bAsia Publishing House India
_c1970
300 _a426
650 _aINDUSTRIAL RELATIONS
700 _a Kannappan Subbiah
942 _hX:97.2, L0
_cTEXL
999 _c1191156
_d1191156